Шахматные фигуры с доской и картинами - Statistics

General Stats
  • This quiz has been taken 2 389 times
  • The average score is 6 of 6
Answer Stats
Фигура % Correct
Пешка
99%
Король
98%
Ферзь
98%
Конь
97%
Слон
92%
Ладья
82%
No matching quizzes found
Score Distribution
Percent of People with Each Score
Percentile by Number Answered
Your Score History
You have not taken this quiz